| 000 | 00813nam a2200253Ia 4500 | ||
|---|---|---|---|
| 001 | 11286 | ||
| 003 | GBCCL | ||
| 005 | 20241126110358.0 | ||
| 008 | 760224s1973 ilua b 00110ceng d | ||
| 035 | _aOCM02009275 | ||
| 040 |
_aHEI _cHEI _dm.c. _dLBB |
||
| 049 | _aLBBK | ||
| 082 |
_a225.922 _bMCB |
||
| 100 | 1 | 0 |
_aMcBirnie, William Steuart, _d1920- _92524 |
| 245 | 1 | 4 |
_aThe search for the twelve apostles / _cWilliam Steuart McBirnie. |
| 260 | 0 |
_aWheaton, Ill. : _bTyndale House, _cc1973. |
|
| 300 |
_a317 p. : _bill. ; _c22 cm. |
||
| 504 | _aBibliography: p. 307-310. | ||
| 504 | _aIncludes bibliography on early history of Great Britain: p. 233-234. | ||
| 504 | _aIncludes bibliographical references and index. | ||
| 630 | 0 | 0 |
_aBible. _pN.T. _xBiography. _92525 |
| 650 | 0 |
_aApostles. _9593 |
|
| 942 |
_2ddc _cBK _05 |
||
| 999 |
_c1302 _d1302 |
||